Top 500 Baby Girl Names in 2024 (United States) - Statistics

General Stats
  • This quiz has been taken 1,826 times
  • The average score is 195 of 500
Answer Stats
Hint Answer % Correct
204 Ana
89%
94 Anna
89%
396 Alivia
88%
2 Emma
88%
1 Olivia
88%
132 Mary
85%
118 Eliza
82%
425 Emely
81%
25 Emily
81%
167 Isabel
81%
170 Isabelle
81%
479 Elle
80%
74 Maria
80%
188 Sara
80%
95 Sarah
80%
17 Elizabeth
79%
259 Lilly
78%
24 Lily
78%
30 Ella
77%
7 Isabella
77%
115 Rose
77%
4 Charlotte
76%
10 Sofia
76%
6 Sophia
76%
320 Catherine
75%
52 Hannah
75%
175 Katherine
75%
3 Amelia
74%
43 Emilia
74%
5 Mia
74%
48 Victoria
73%
9 Ava
72%
116 Julia
72%
26 Aria
71%
343 Ariyah
71%
162 Arya
71%
20 Chloe
70%
232 Khloe
70%
359 Laura
70%
247 Rachel
70%
120 Eva
69%
40 Grace
69%
29 Zoe
69%
59 Zoey
69%
109 Bella
68%
34 Lucy
68%
62 Alice
67%
228 Amy
67%
487 Maddison
67%
46 Madison
67%
8 Evelyn
66%
304 Evelynn
66%
60 Sophie
66%
353 Taylor
66%
53 Leah
65%
187 Lia
65%
32 Abigail
64%
103 Ariana
64%
195 Arianna
64%
124 Ashley
64%
351 Lauren
64%
221 Alexandra
63%
21 Ellie
63%
269 Jane
63%
22 Nora
63%
127 Samantha
63%
212 Alaina
61%
312 Alayna
61%
494 Dayana
61%
243 Diana
61%
254 Elaina
61%
45 Elena
61%
73 Natalie
61%
28 Penelope
61%
15 Violet
61%
342 Rebecca
60%
498 Angel
59%
69 Ayla
59%
92 Caroline
59%
76 Daisy
59%
35 Isla
59%
36 Ivy
59%
119 Margaret
59%
465 Alison
58%
99 Allison
58%
191 Annie
58%
54 Lillian
58%
13 Luna
58%
459 Maia
58%
51 Maya
58%
366 Mya
58%
298 Gabriela
57%
106 Gabriella
57%
12 Harper
57%
437 Madeleine
57%
87 Madeline
57%
65 Madelyn
57%
420 Madilyn
57%
82 Audrey
56%
14 Eleanor
56%
424 Helen
56%
84 Jade
56%
199 Jasmine
56%
189 Kylie
56%
378 Melissa
56%
208 Molly
56%
318 Nicole
56%
68 Addison
55%
496 Amanda
55%
246 Kimberly
55%
371 Laila
55%
37 Layla
55%
86 Millie
55%
171 Olive
55%
181 Brianna
54%
110 Georgia
54%
268 Leila
54%
207 Lila
54%
179 Lilah
54%
83 Lyla
54%
63 Ruby
54%
41 Willow
54%
436 Alicia
53%
67 Claire
53%
78 Clara
53%
317 Hope
53%
56 Josephine
53%
283 Juliet
53%
129 Juliette
53%
336 Kayla
53%
33 Mila
53%
42 Riley
53%
125 Rylee
53%
302 Ryleigh
53%
483 Rylie
53%
31 Avery
52%
398 Charlee
52%
140 Charlie
52%
379 Frances
52%
267 Gia
52%
419 Holly
52%
152 June
52%
11 Camila
51%
324 Camilla
51%
249 Faith
51%
71 Iris
51%
292 Kamila
51%
409 Michelle
51%
49 Stella
51%
392 Veronica
51%
77 Vivian
51%
184 Vivienne
51%
408 Aubree
50%
130 Aubrey
50%
16 Aurora
50%
102 Cora
50%
490 Kora
50%
321 Nina
50%
311 Rosie
50%
335 Vanessa
50%
193 Ada
49%
23 Gianna
49%
248 Gracie
49%
122 Melanie
49%
438 Melany
49%
44 Naomi
49%
105 Natalia
49%
96 Quinn
49%
489 Scarlet
49%
27 Scarlett
49%
234 Zara
49%
349 Annabelle
48%
273 Lola
48%
172 Ruth
48%
399 Alyssa
47%
185 Andrea
47%
282 Angela
47%
406 Fiona
47%
380 Mira
47%
183 Phoebe
47%
194 Adaline
46%
219 Adalyn
46%
163 Adalynn
46%
58 Adeline
46%
315 Adelyn
46%
449 Adelynn
46%
313 Angelina
46%
308 Brooke
46%
108 Brooklyn
46%
468 Brooklynn
46%
131 Esther
46%
284 Evie
46%
88 Josie
46%
250 Juliana
46%
352 Julianna
46%
374 Lana
46%
142 Summer
46%
93 Aaliyah
45%
235 Aliyah
45%
299 Ariel
45%
100 Hailey
45%
263 Lena
45%
57 Sadie
45%
107 Savannah
45%
147 Valerie
45%
79 Autumn
44%
19 Hazel
44%
245 Selena
44%
50 Delilah
43%
329 Joanna
43%
310 Kendall
43%
200 Mackenzie
43%
493 Mckenzie
43%
143 Alana
42%
289 Alanna
42%
252 Elise
42%
414 Helena
42%
80 Liliana
42%
411 Lilliana
42%
98 Lucia
42%
357 Sabrina
42%
182 Bailey
41%
495 Cali
41%
176 Callie
41%
314 Francesca
41%
442 Joy
41%
294 Kali
41%
91 Melody
41%
61 Paisley
41%
332 Serena
41%
139 Sienna
41%
463 Alexandria
40%
155 Elsie
40%
300 Maggie
40%
375 Paige
40%
177 Rosalie
40%
288 Sydney
40%
428 Carolina
39%
470 Everlee
39%
164 Everleigh
39%
81 Everly
39%
159 Freya
39%
97 Lydia
39%
39 Nova
39%
323 Adriana
38%
239 Camille
38%
72 Eden
38%
355 London
38%
305 Londyn
38%
381 Payton
38%
168 Peyton
38%
481 Destiny
37%
148 Hallie
37%
89 Kennedy
37%
276 Morgan
37%
261 Ophelia
37%
484 Paris
37%
338 Poppy
37%
226 Vera
37%
18 Eliana
36%
262 Elianna
36%
141 Elliana
36%
64 Eloise
36%
397 Harley
36%
220 Kaylee
36%
274 Lucille
36%
215 Noelle
36%
160 Piper
36%
90 Athena
35%
210 Blake
35%
144 Brielle
35%
485 Cameron
35%
454 Camryn
35%
435 Florence
35%
203 Gemma
35%
344 Esme
34%
126 Margot
34%
134 Skylar
34%
161 Valeria
34%
423 Willa
34%
271 Adelaide
33%
416 Carmen
33%
476 Cassidy
33%
192 Daphne
33%
385 Winter
33%
415 Wynter
33%
166 Anastasia
32%
345 Heidi
32%
242 Mariana
32%
133 Nevaeh
32%
104 Parker
32%
448 Saige
32%
47 Valentina
32%
135 Alina
31%
196 Ariella
31%
460 Bianca
31%
70 Emery
31%
330 Emory
31%
486 Felicity
31%
255 Maisie
31%
214 River
31%
146 Sage
31%
303 Tessa
31%
206 Arabella
30%
123 Cecilia
30%
251 Miriam
30%
270 Talia
30%
348 Thea
30%
169 Amaya
29%
373 Briella
29%
431 Dorothy
29%
433 Elisa
29%
174 Evangeline
29%
316 Fatima
29%
165 Genevieve
29%
114 Hadley
29%
293 Harlow
29%
478 Heaven
29%
389 Jocelyn
29%
111 Juniper
29%
75 Maeve
29%
458 Raegan
29%
244 Reagan
29%
407 Trinity
29%
121 Amara
28%
279 Daniela
28%
151 Emerson
28%
154 Emersyn
28%
467 Gracelyn
28%
427 Gracelynn
28%
264 Harmony
28%
401 Hayden
28%
85 Kinsley
28%
222 Mabel
28%
410 Matilda
28%
377 Mckenna
28%
218 Blair
27%
446 Blaire
27%
384 Brynn
27%
240 Dahlia
27%
306 Danna
27%
413 Mariah
27%
287 Marley
27%
224 Presley
27%
301 Rosemary
27%
117 Serenity
27%
136 Amira
26%
464 Amirah
26%
137 Ember
26%
55 Genesis
26%
356 Giselle
26%
473 Macie
26%
213 Wren
26%
394 Anya
25%
272 Dakota
25%
201 Haven
25%
326 Malia
25%
190 Reese
25%
361 Sylvia
25%
453 Emmy
24%
393 Gwendolyn
24%
403 Jayla
24%
66 Leilani
24%
291 Luciana
24%
387 Miley
24%
145 Remi
24%
266 Rowan
24%
368 Viviana
24%
307 Amina
23%
441 Bonnie
23%
216 Delaney
23%
365 Finley
23%
455 Kira
23%
388 Raven
23%
297 Sawyer
23%
480 Skye
23%
405 Anaya
22%
461 Aniyah
22%
265 Aspen
22%
158 Blakely
22%
198 Celeste
22%
451 Demi
22%
238 Kiara
22%
253 Noa
22%
286 Rory
22%
153 Sloane
22%
173 Ximena
22%
346 Aisha
21%
472 Alma
21%
227 Celine
21%
369 Elaine
21%
391 Logan
21%
402 Lorelai
21%
456 Lorelei
21%
128 Catalina
20%
382 Hattie
20%
217 Journee
20%
322 Journey
20%
180 Kaia
20%
439 Katalina
20%
38 Lainey
20%
482 Lyra
20%
157 Oakley
20%
450 Opal
20%
421 Phoenix
20%
340 Regina
20%
333 Teagan
20%
383 Astrid
19%
290 Leia
19%
418 Liana
19%
412 Mallory
19%
422 Raelyn
19%
113 Raelynn
19%
334 Aurelia
18%
328 Jordyn
18%
230 Nyla
18%
452 Nylah
18%
295 Octavia
18%
426 Alessandra
17%
296 Amari
17%
462 Annalise
17%
350 Esmeralda
17%
205 Tatum
17%
277 Zuri
17%
112 Alaia
16%
362 Alaya
16%
417 Alayah
16%
229 Brynlee
16%
256 Lilith
16%
138 Magnolia
16%
492 Meredith
16%
231 Saylor
16%
209 Stevie
16%
281 Alessia
15%
395 Leighton
15%
491 Mariam
15%
390 Maryam
15%
363 Raya
15%
309 Samara
15%
372 Sunny
15%
360 Sylvie
15%
341 Adelina
14%
178 Alani
14%
497 Arielle
14%
237 Lennon
14%
327 Meadow
14%
186 Myla
14%
156 Oaklynn
14%
260 Shiloh
14%
197 Sutton
14%
354 Wrenlee
14%
149 Wrenley
14%
370 Elodie
13%
275 Kailani
13%
241 Kaylani
13%
150 Kehlani
13%
469 Miracle
13%
358 Azalea
12%
499 Calliope
12%
236 Cataleya
12%
477 Clementine
12%
400 Colette
12%
367 Dream
12%
488 Leona
12%
225 Alora
11%
386 Aylin
11%
257 Collins
11%
347 Julieta
11%
337 Navy
11%
223 Norah
11%
434 Reign
11%
280 Selah
11%
466 Anahi
10%
457 Daleyza
10%
500 Fernanda
10%
376 Itzel
10%
404 Ivory
10%
319 Nayeli
10%
258 Palmer
10%
285 Amora
9%
278 Milani
9%
445 Sarai
9%
202 Scottie
9%
432 Xiomara
9%
211 Aitana
8%
444 Haisley
8%
440 Zariah
8%
233 Antonella
7%
339 Kalani
7%
430 Salem
7%
325 Ailani
5%
101 Ailany
5%
364 Elora
5%
474 Murphy
4%
475 Romina
4%
471 Adhara
3%
429 Arleth
3%
447 Elowyn
3%
443 Kaliyah
3%
331 Malani
3%
No matching quizzes found
Score Distribution
Percent of People with Each Score
Percentile by Number Answered
Your Score History
You have not taken this quiz